Indian Standard Method Of Inintfication Of Natuiral Building Stones (Record no. 3048)

MARC details
000 -LEADER
fixed length control field 00287nam a22001097a 4500
041 ## - LANGUAGE CODE
Language code of text/sound track or separate title ENG
245 ## - TITLE STATEMENT
Title Indian Standard Method Of Inintfication Of Natuiral Building Stones
260 ## - PUBLICATION, DISTRIBUTION, ETC. (IMPRINT)
Place of publication, distribution, etc New Delhi
Name of publisher, distributor, etc Bureau Of Indian Standards
Date of publication, distribution, etc 1975
300 ## - PHYSICAL DESCRIPTION
Extent 37
650 ## - SUBJECT ADDED ENTRY--TOPICAL TERM
Topical term or geographic name as entry element FS (29)
856 ## - ELECTRONIC LOCATION AND ACCESS
Uniform Resource Identifier FS (29)
Holdings
Withdrawn status Lost status Source of classification or shelving scheme Damaged status Not for loan Home library Current library Shelving location Date acquired Total Checkouts Barcode Date last seen Price effective from Koha item type
    Dewey Decimal Classification     College of Agricultural Engineering and Technology, Dapoli , Library College of Agricultural Engineering and Technology, Dapoli , Library Book Cart 16/12/2021   Z00112 16/12/2021 16/12/2021 Books

Contact Us: College of Agricultural Engineering and Technology, Dapoli, Dist.- Ratnagiri
Website: https://dbskkv.org Email: caetlibrary2015@gmail.com